Athéna klope na dvere samosprávy

Príprava programu vzdelávania volených funkcionárov a zamestnancov samosprávy. Snem Združenia miest a obcí Slovenska (máj 2005) schválil koncepciu vzdelávania samosprávy. Snaha o zvýšenie odbornej a kvalifikačnej úrovne zamestnancov samosprávy. Problémy a úskalia. Alternatívy vzdelávania.

Salvato in:
Dettagli Bibliografici
Natura: Capitolo di libro
Lingua:slovacco
Soggetti:
Tags: Aggiungi Tag
Nessun Tag, puoi essere il primo ad aggiungerne!!

MARC

LEADER 00000naa$a2200000$$$4500
001 0033126
005 20231016084541.9
041 0 |a slo 
044 |a SK 
245 1 0 |a Athéna klope na dvere samosprávy 
520 |a Príprava programu vzdelávania volených funkcionárov a zamestnancov samosprávy. Snem Združenia miest a obcí Slovenska (máj 2005) schválil koncepciu vzdelávania samosprávy. Snaha o zvýšenie odbornej a kvalifikačnej úrovne zamestnancov samosprávy. Problémy a úskalia. Alternatívy vzdelávania. 
610 2 0 |a samospráva 
610 2 0 |a samospráva miestna 
610 2 0 |a vzdelávanie 
610 2 0 |a koncepcie 
610 2 0 |a zamestnanci 
610 2 0 |a odbornosť 
610 2 0 |a kvalifikácia